Análisis y diseño de una red de comunicaciones Metro Ethernet basada en la tecnología MPLS para una empresa del área metropolitana de Managua

La investigación se fundamenta en diseñar una subred de área metropolitana (MAN) para una empresa de la ciudad de Managua utilizando la arquitectura Metro Ethernet basada en la tecnología MPLS. Describir la arquitectura y la tecnología de la redes MPLS que funciona a través de metro Ethernet...

Full description

Bibliographic Details
Main Authors: Pavón Castillo, Cintya, Cruz Arguello, Oscar, Cruz Arguello, Oscar
Other Authors: Tutor: Flores Guido, Fernando
Format: Tesis Section = Libro
Language:Undetermined
Spanish
Published: Managua UNI 2012
Subjects:
LEADER 01354nam a2200253Ia 4500
008 240830s9999 xx 000 0 und d
040 |a BIBLIOTECA-RUSB/ T.Mon 621.385 P339 
041 |a spa 
082 |a T.Mon 621.385 P339 
100 1 |a Pavón Castillo, Cintya, Cruz Arguello, Oscar 
100 1 |b Cruz Arguello, Oscar 
245 1 0 |a Análisis y diseño de una red de comunicaciones Metro Ethernet basada en la tecnología MPLS para una empresa del área metropolitana de Managua 
260 |a Managua  |b UNI  |c 2012 
300 |a 60 p. :il. 
502 |a Tesis (Ingeniero Electrónico) - UNI, 2012. 
520 3 |a La investigación se fundamenta en diseñar una subred de área metropolitana (MAN) para una empresa de la ciudad de Managua utilizando la arquitectura Metro Ethernet basada en la tecnología MPLS. Describir la arquitectura y la tecnología de la redes MPLS que funciona a través de metro Ethernet especificando sus componentes y así como sus diferentes escenarios y sus componentes básicos, así mismo se analiza cada una de las distintas soluciones que se pueden implementar. 
650 7 |a RED DE COMUNICACIÓN METROETHERNET-DISEÑO 
650 7 |b  ARQUITECTURA MPLS 
650 7 |c  ETHERNET 
650 7 |d  TECNOLOGIA MPLS I 
700 1 |a Tutor:  |b Flores Guido, Fernando 
942 |c BK  |2 ddc 
991 |a TESIS 
999 |c 21870